000 00480nam a22001697a 4500
999 _c8402
_d8402
008 201118b ||||| |||| 00| 0 eng d
040 _aBMS College of Architecture
100 _aUllas, K
245 _aCivic centre
300 _aNA
500 _a1BM15AT112
502 _8B,Arch
_NBMS College of Architecture, Visvesvaraya Technological University (VTU)
_aProject report
_d2019
650 _aNA
700 _aYogeshwari K
_eGuide
700 _aLakshmi
_eGuide
942 _2ddc
_cTHE